000 00280nam a2200121 a 4500
005 20141022142002.0
008 080925s19uu xx 00 eng d
050 _aAVM
245 _aThe retail advertising.
650 _aDVD.
650 _aThe retail advertising.
942 _cAVM
999 _c276304
_d276304